<?xml version="1.0" encoding="UTF-8"?>
<collection xmlns="http://www.loc.gov/MARC21/slim">
  <record>
    <leader>00000nam  2200000   4500</leader>
    <controlfield tag="001">INLIS000000000017222</controlfield>
    <controlfield tag="005">20240624110053</controlfield>
    <datafield tag="035" ind1="#" ind2="#">
      <subfield code="a">0010-0624000125</subfield>
    </datafield>
    <controlfield tag="007">ta</controlfield>
    <controlfield tag="008">240624################g##########0#eng##</controlfield>
    <datafield tag="020" ind1="#" ind2="#">
      <subfield code="a">978 157 444 129 1</subfield>
    </datafield>
    <datafield tag="082" ind1="#" ind2="#">
      <subfield code="a">353.527</subfield>
    </datafield>
    <datafield tag="084" ind1="#" ind2="#">
      <subfield code="a">353.527 HOF s</subfield>
    </datafield>
    <datafield tag="100" ind1=" " ind2="#">
      <subfield code="a">Hoff, Marie D.</subfield>
    </datafield>
    <datafield tag="245" ind1="1" ind2="#">
      <subfield code="a">Sustainable Community Development :</subfield>
      <subfield code="b">Studies in Economic, Environmental, and Cultural Revitalization /</subfield>
      <subfield code="c">Marie D. Hoff</subfield>
    </datafield>
    <datafield tag="260" ind1="#" ind2="#">
      <subfield code="a">USA :</subfield>
      <subfield code="b">Lewis,</subfield>
      <subfield code="c">1998</subfield>
    </datafield>
    <datafield tag="300" ind1="#" ind2="#">
      <subfield code="a">250 halaman :</subfield>
      <subfield code="b">ilus ;</subfield>
      <subfield code="c">24 cm</subfield>
    </datafield>
    <datafield tag="520" ind1="#" ind2="#">
      <subfield code="a">The 1990s have been marked by a wide-spread awareness of the convergence of environmental, economic and social problems and issues. Many local workers have begun to recognize that severe setbacks or even collapse of their local economy is strongly related to environmental problems: either to the depletion of local resources (such as timber, fish, or minerals) or to severe pollution and degradation of the local ecosystem.&#13;
This in-depth collection of case studies of urban and rural communities committed to a process of sustainable development provides a more detailed description of this dynamic process than was previously available. This provocative book demonstrates the commonalities in approach across a wide variety of environmental and cultural settings, examining an emerging consciousness from cultural, economic, social and environmental viewpoints.</subfield>
    </datafield>
    <datafield tag="990" ind1="#" ind2="#">
      <subfield code="a">100112614</subfield>
    </datafield>
  </record>
</collection>
